Najludniejsze hrabstwa USA - Statystyki

Ogólne statystyki
  • Ten quiz został rozwiązany 17 razy
  • Średni wynik to 8 z 50
Statystyki odpowiedzi
Stan Populacja Gdzie to jest? Hrabstwo % Poprawnych
Kalifornia 9 721 138 Los Angeles
93%
Nowy Jork 1 596 273 Nowy Jork (Manhattan) Nowy Jork
80%
Teksas 2 600 840 Dallas
60%
Kalifornia 3 276 208 San Diego
60%
Floryda 2 673 837 Miami Miami-Dade
53%
Kalifornia 1 584 169 Sacramento
40%
Nowy Jork 1 379 946 Nowy Jork (Bronx) Bronx
33%
Hawaje 995 638 Honolulu
33%
Pensylwania 1 567 258 Philadelphia
27%
Nowy Jork 2 278 029 Nowy Jork (Queens) Queens
27%
Utah 1 186 257 Salt Lake
27%
Teksas 4 780 913 Houston Harris
20%
Michigan 1 269 431 Teren Detroit Oakland
20%
Kalifornia 3 151 184 Teren Los Angeles Orange
20%
Floryda 1 452 726 Orlando Orange
20%
Illinois 5 109 292 Chicago Cook
13%
Kalifornia 1 015 190 Fresno
13%
Waszyngton 2 266 789 Seattle King
13%
Kalifornia 1 628 997 Nad Zatoką Kalifornijską Alameda
7%
Pensylwania 1 233 253 Pittsburgh Allegheny
7%
Teksas 2 059 530 San Antonio Bexar
7%
Floryda 1 947 026 Teren Miami Broward
7%
Nevada 2 322 985 Las Vegas Clark
7%
Kalifornia 1 233 253 Nad Zatoką Kalifornijską Contra Costa
7%
Ohio 1 236 041 Cleveland Cuyahoga
7%
Floryda 1 016 536 Jacksonville, Floryda Duval
7%
Ohio 1 321 820 Columbus Franklin
7%
Georgia 1 074 634 Atlanta Fulton
7%
Minnesota 1 260 121 Minneapolis Hennepin
7%
Nowy Jork 2 590 516 Nowy Jork (Brooklyn) Kings
7%
Arizona 4 551 524 Phoenix Maricopa
7%
Massachusetts 1 617 105 Teren Boston Middlesex
7%
Maryland 1 052 521 Teren Waszyngton-Baltimore Montgomery
7%
Nowy Jork 1 383 726 Long Island Nassau
7%
Arizona 1 057 597 Tucson Pima
7%
Kalifornia 2 473 902 Teren Los Angeles Riverside
7%
Kalifornia 2 193 656 San Bernardino
7%
Kalifornia 1 870 945 Nad Zatoką Kalifornijską Santa Clara
7%
Missouri 990 414 St. Louis
7%
Teksas 2 154 595 Fort Worth Tarrant
7%
Teksas 1 326 436 Austin Travis
7%
Michigan 1 757 043 Detroit Wayne
7%
Teksas 1 236 041 Przedmieścia Dallas Collin
0%
Wirginia 1 175 021 Teren Waszyngton-Baltimore Fairfax
0%
Floryda 1 513 301 Tampa Hillsborough
0%
Karolina Północna 1 186 257 Charlotte Mecklenburg
0%
Floryda 1 518 477 Teren Miami Palm Beach
0%
Nowy Jork 1 525 465 Long Island Suffolk
0%
Karolina Północna 1 175 021 Research Triangle, Karolina Północna Wake
0%
Nowy Jork 990 427 Nowy Jork area Westchester
0%
Nie znaleziono quizów pasujących do podanych kryteriów
Rozkład punktacji
Procent ludzi z każdym wynikiem
Percentyl według liczby udzielonych odpowiedzi
Twoja historia wyników
Nie rozwiązałeś tego quizu